| 000 | 00639nam a2200205 a 4500 | ||
|---|---|---|---|
| 001 | 000016646 | ||
| 005 | 20200929164936.0 | ||
| 008 | 100308s1978 dr a 000 0 spa d | ||
| 040 |
_aDO-SdBNP _bspa _cBNPHU |
||
| 082 |
_a646.4 _bP762t |
||
| 100 | 1 |
_aPolanco, Maruja de _936988 |
|
| 245 | 1 | 0 |
_aTécnicas en el arte de coser / _cMaruja de Polanco. |
| 260 |
_aSanto Domingo : _bCultural Dominicana, _c1978. |
||
| 300 |
_a115 p. : _bil. ; _c20 cm. |
||
| 590 | _aInventariado, 2018/ YL | ||
| 650 | 4 |
_aCostura _936989 |
|
| 650 | 4 |
_aCorte y confección _922269 |
|
| 650 | 4 |
_aPrendas de vestir _936990 |
|
| 910 | _aValidado. Control de calidad MFF | ||
| 999 |
_c16179 _d16179 |
||